|
|
|
|
| LEADER |
01262cam a2200349Ia 4500 |
| 001 |
9780203006351 |
| 003 |
FlBoTFG |
| 005 |
20091230162920.0 |
| 006 |
a|||||s||||||||||| |
| 007 |
cr|||| |
| 008 |
971028s1998 enka sb 001 0 eng d |
| 020 |
|
|
|a 9780203006351 (e-book : PDF)
|
| 040 |
|
|
|a FlBoTFG
|c FlBoTFG
|d GrThAP
|
| 043 |
|
|
|a ff-----
|a e------
|a aw-----
|
| 090 |
|
|
|a HQ1073.5.R66
|b K95 1998
|
| 092 |
|
|
|a 306.9
|b K993
|
| 100 |
1 |
|
|a Kyle, Donald G.
|
| 245 |
1 |
0 |
|a Spectacles of death in ancient Rome
|h [electronic resource] /
|c Donald G. Kyle.
|
| 260 |
|
|
|a London ;
|a New York :
|b Routledge,
|c 1998.
|
| 300 |
|
|
|a xii, 288 p. :
|b ill.
|
| 504 |
|
|
|a Includes bibliographical references (p. 272-281) and index.
|
| 530 |
|
|
|a Also available in print edition.
|b CRC Press (http://www.crcpress.com)
|
| 538 |
|
|
|a Mode of access: World Wide Web.
|
| 650 |
|
0 |
|a Death
|x Social aspects
|z Rome.
|
| 650 |
|
0 |
|a Funeral rites and ceremonies
|z Rome.
|
| 650 |
|
0 |
|a Violence
|z Rome
|x History.
|
| 650 |
|
0 |
|a Gladiators
|z Rome
|x History.
|
| 650 |
|
0 |
|a Christian martyrs
|z Rome
|x History.
|
| 651 |
|
0 |
|a Rome
|x Social life and customs.
|
| 655 |
|
7 |
|a Electronic books.
|2 lcsh
|
| 776 |
1 |
|
|z 9780415096782
|
| 856 |
4 |
0 |
|u http://www.tandfebooks.com/isbn/9780203006351
|z Full Text via HEAL-Link
|